000
00246nam a22001217a 4500
008
170204b xxu||||| |||| 00| 0 eng d
041
_a
eng
080
_a
61
100
_a
3
101
_a
SHM
245
_a
APR=DRGs
_c
AVERILL, R.F
942
_2
udc
_c
BK
999
_c
4625
_d
4625